If I ran the zoo / (Record no. 4199)

MARC details
000 -LEADER
fixed length control field 01089cam a22003371 4500
001 - CONTROL NUMBER
control field 4199
003 - CONTROL NUMBER IDENTIFIER
control field FISKH
005 - DATE AND TIME OF LATEST TRANSACTION
control field 20240627084716.0
008 - FIXED-LENGTH DATA ELEMENTS--GENERAL INFORMATION
fixed length control field 850926s1950 nyua j 000 1 eng
010 ## - LIBRARY OF CONGRESS CONTROL NUMBER
LC control number 50010185
020 ## - INTERNATIONAL STANDARD BOOK NUMBER
International Standard Book Number 9780394800813
040 ## - CATALOGING SOURCE
Original cataloging agency DLC
Transcribing agency DLC
Modifying agency DLC
Language of cataloging eng
042 ## - AUTHENTICATION CODE
Authentication code lcac
050 00 - LIBRARY OF CONGRESS CALL NUMBER
Classification number PZ8.3.S477
082 ## - DEWEY DECIMAL CLASSIFICATION NUMBER
Classification number 811
100 1# - MAIN ENTRY--PERSONAL NAME
Personal name Seuss,
Titles and words associated with a name Dr.
245 10 - TITLE STATEMENT
Title If I ran the zoo /
Statement of responsibility, etc. by Dr. Seuss.
250 ## - EDITION STATEMENT
Edition statement This edition published in 1977
260 ## - PUBLICATION, DISTRIBUTION, ETC.
Place of publication, distribution, etc. New York :
Name of publisher, distributor, etc. Random House,
Date of publication, distribution, etc. 1950.
300 ## - PHYSICAL DESCRIPTION
Extent 54 unnumbered pages :
Other physical details color illustrations ;
Dimensions 29 cm
505 ## - FORMATTED CONTENTS NOTE
Formatted contents note R<br/>
520 ## - SUMMARY, ETC.
Summary, etc. If Gerald McGrew ran the zoo, he'd let all the animals go and fill it with more unusual beasts--a ten-footed lion, an Elephant-Cat, a Mulligatawny, a Tufted Mazurka, and others.
521 8# - TARGET AUDIENCE NOTE
Target audience note 750<br/>
Source Lexile Adjusted <br/><br/>
521 8# - TARGET AUDIENCE NOTE
Target audience note R<br/>
Source Raz-Plus <br/>
650 #1 - SUBJECT ADDED ENTRY--TOPICAL TERM
Topical term or geographic name entry element Stories in rhyme.
650 #1 - SUBJECT ADDED ENTRY--TOPICAL TERM
Topical term or geographic name entry element Zoos
Form subdivision Fiction.
650 #1 - SUBJECT ADDED ENTRY--TOPICAL TERM
Topical term or geographic name entry element Imaginary creatures
Form subdivision Fiction.
906 ## - LOCAL DATA ELEMENT F, LDF (RLIN)
a 7
b cbc
c orignew
d u
e ocip
f 19
g y-gencatlg
942 ## - ADDED ENTRY ELEMENTS (KOHA)
Source of classification or shelving scheme Dewey Decimal Classification
Koha item type Books
Suppress in OPAC No
Holdings
Withdrawn status Lost status Source of classification or shelving scheme Damaged status Not for loan Collection Home library Current library Shelving location Date acquired Total Checkouts Full call number Barcode Date last seen Date last checked out Price effective from Koha item type Copy number
    Dewey Decimal Classification     Juvenile Fiction Footprints International School Library Network Toul Kork Campus Footprints International School Library Network Toul Kork Campus TK Primary Library Room(4th Floor), Bookcase 5&6, Shelves 33-56, Orange Books 06/27/2024 3 SEU 811 PZ8.G276 FISTK01451 10/17/2025 10/17/2025 06/27/2024 Books  
    Dewey Decimal Classification     Juvenile Fiction Footprints International School Library Network Toul Tom Poung Campus Footprints International School Library Network Toul Tom Poung Campus TTP Primary Orange Bookshelves 10/28/2025 3 SEU 811 PZ8.G276 2025-4758 03/27/2026 03/20/2026 10/28/2025 Books 2